Statistics for Top 50 most visited websites in The Netherlands

Click here to take the quiz!

General Stats

  • This quiz has been taken 225 times
  • The average score is 16 of 50

Answer Stats

#Website% Correct
4.Google.com
93%
39.Google.com.tr
93%
1.Google.nl
93%
48.Google.pl
93%
2.Facebook.com
81%
3.YouTube.com
79%
8.Instagram.com
72%
9.Twitter.com
64%
18.Pornhub.com
61%
24.Nos.nl
50%
13.Nu.nl
48%
10.Bol.com
47%
16.Yahoo.com
43%
6.Wikipedia.org
42%
12.Telegraaf.nl
37%
44.Amazon.com
36%
49.Amazon.de
36%
28.AD.nl
35%
19.Netflix.com
35%
7.Marktplaats.nl
34%
38.Ah.nl
30%
31.Whatsapp.com
27%
40.Npo.nl
26%
17.Dumpert.nl
24%
11.ING.nl
24%
26.Linkedin.com
22%
25.Rabobank.nl
22%
45.NS.nl
20%
20.Xvideos.com
20%
29.Abnamro.nl
19%
15.Reddit.com
19%
41.Wehkamp.nl
19%
34.Msn.com
18%
23.Xhamster.com
18%
22.Xnxx.com
17%
50.Startpagina.nl
14%
5.Live.com
12%
36.Magister.net
12%
37.Pinterest.com
12%
32.Tumblr.com
12%
46.Ziggo.nl
10%
30.Aliexpress.com
9%
42.Digid.nl
9%
14.Funda.nl
9%
47.Office.com
8%
21.Tweakers.net
7%
27.Imdb.com
4%
33.Vk.com
4%
43.Thepiratebay.org
3%
35.Imgur.com
1%

Score Distribution

Percentile by Number Answered

Percent of People with Each Score

Your Score History

You have not taken this quiz